| 000 | 00736cam a2200241 4500 | ||
|---|---|---|---|
| 008 | 090401t1995 xxu||||| |||| 00| 0 eng d | ||
| 020 | _a0419199500 | ||
| 035 | _a(Sirsi) u40288 | ||
| 041 | _aeng | ||
| 050 | _a692.2 | ||
| 100 | _aPolley, Simon | ||
| 245 | _aUnderstanding the building regulations. | ||
| 260 |
_aLondon _bE & F N Spon _c1995 |
||
| 300 | _ax,186p. : ill. ; 24cm. | ||
| 350 | _a14.99 | ||
| 520 | _aAn introduction to the current Building Regulations and Approved Documents including the 1995 amendments. | ||
| 650 | _aAPPROVED DOCUMENTS | ||
| 650 |
_aBUILDING CONTROL _96222 |
||
| 650 |
_aBUILDING REGULATIONS _96224 |
||
| 690 | _aBUILDING AND CONSTRUCTION-REGULATIONS | ||
| 942 | _n0 | ||
| 948 | _c04/03/1997 | ||
| 999 |
_c90853 _d90853 |
||